| 000 | 00351nam a2200145Ia 4500 | ||
|---|---|---|---|
| 008 | 230312s9999||||xx |||||||||||||| ||und|| | ||
| 020 | _a1-905825-63-9 | ||
| 082 |
_a712.6 _bBAR-O |
||
| 100 | _aBarberich;Christene | ||
| 245 | 0 | _aOutdoor spaces | |
| 260 |
_bBrown _achina _c2012 |
||
| 300 | _a176 | ||
| 650 |
_aArchitecture _vArchitecture |
||
| 942 | _cBK | ||
| 999 |
_c12675 _d12675 |
||